Análisis de la nueva constitución política de la República de Guatemala
Bewaard in:
| Coauteur: | |
|---|---|
| Formaat: | Texto |
| Gepubliceerd in: |
Guatemala:
Consejo Mundial de Iglesias
|
| Tags: |
Voeg label toe
Geen labels, Wees de eerste die dit record labelt!
|
MARC
| LEADER | 00000 a a2200000 04500 | ||
|---|---|---|---|
| 001 | 21031 | ||
| 003 | |||
| 040 | |||
| 090 | |a 090700 | ||
| 110 | |a Comité Pro Justicia y Paz de Guatemala | ||
| 245 | |a Análisis de la nueva constitución política de la República de Guatemala | ||
| 260 | |a Guatemala: |b Consejo Mundial de Iglesias | ||
| 300 | |a 49 p. | ||
| 999 | |c 2251 |d 2251 | ||
